Sports Quiz

Random Sports or Letter Quiz
Score 0/20 Timer 08:00
0 Plays Today
Homeruns Hitter % Correct
609Sammy Sosa
96.4%
548Mike Schmidt
87.4%
314Reggie Smith
82.1%
509Gary Sheffield
76.1%
475Willie Stargell
74.4%
305Reggie Sanders
68.4%
407Duke Snider
59.2%
342Ron Santo
54%
282Ryne Sandberg
53.8%
314*Alfonso Soriano
49.7%
Homeruns Hitter % Correct
307Al Simmons
49.5%
335Darryl Strawberry
47.1%
299Tim Salmon
45.8%
306Richie Sexson
34.1%
271George Scott
33.9%
306Ruben Sierra
24.7%
292Rusty Staub
23.5%
318Roy Sievers
18.5%
288Hank Sauer
18.1%
265*Matt Stairs
16.2%
Remove Ads.
Support Sporcle.
Get the best of Sporcle when you Go Orange. This ad-free experience offers more features, more stats, and more fun while also helping to support Sporcle. Thank you for becoming a member.

You're not logged in!

Compare scores with friends on all Sporcle quizzes.
OR
Log In

Show Comments

Extras

Top Quizzes Today


Score Distribution

Your Account Isn't Verified!

In order to create a playlist on Sporcle, you need to verify the email address you used during registration. Go to your Sporcle Settings to finish the process.

Report this User

Report this user for behavior that violates our Community Guidelines.

Details: